History Quiz

Random History or Poem Quiz

US President by Haiku II Quiz Stats

Quiz Updated Jan 20, 2017

Challenge
Share
Tweet
Embed
Score 0/24 Timer 03:00
0 Plays Today
Haiku President % Correct
He's the first black one / Likes universal healthcare / His dog's name is BoBarack Obama
89.7%
Started Iraq War / He didn't forget Poland / Axis of EvilGeorge W. Bush
88.3%
PT-109 / Cuban Missile Crisis - whew! / The only CatholicJohn F. Kennedy
87.2%
Four terms is a lot / Ended the Great Depression / World War II, Ahoy!Franklin D. Roosevelt
86.4%
His nickname was Ike / Was a five-star general / Started the space raceDwight D. Eisenhower
86.2%
'Evil Empire' speech / Once acted with a monkey / Said 'Tear down this wall!'Ronald Reagan
85.1%
Follow on Twitter / America will be great / All we do is winDonald Trump
84.3%
Middle name Milhous / Visited the PRC / First one to resignRichard Nixon
82.1%
Got us a surplus / The second to be impeached / Supported NAFTABill Clinton
81.9%
Brought down Soviets / 'Read my lips - no new taxes' / Didn't like broccoliGeorge H. W. Bush
79.6%
Great Society / Took the oath on Air Force One / Passed Civil Rights ActLyndon B. Johnson
76.8%
Bombed those two cities / He really lost to Dewey? / Said 'The buck stops here'Harry S. Truman
76.7%
Haiku President % Correct
He once farmed peanuts / Witnessed Camp David Accords / He was from GeorgiaJimmy Carter
75.8%
Mining engineer / The Great Depression started / Lost in '32Herbert Hoover
71.3%
Only PhD / Got us into World War I / Headed Princeton UWoodrow Wilson
69.9%
He fell quite a lot / He was never elected / Died age 93Gerald Ford
68.4%
Bull Moose candidate / Youngest at age 42 / Treaty of PortsmouthTheodore Roosevelt
65.1%
Served in all branches / Who can forget the bathtub? / War SecretaryWilliam Howard Taft
62.1%
Started war with Spain / Namesake of famous mountain / Ended by CzolgoszWilliam McKinley
58.1%
Born in New Jersey / So nice he's President twice / '93 PanicGrover Cleveland
54.4%
Lost Popular Vote / Signed Sherman Antitrust Act / William's GrandsonBenjamin Harrison
50.2%
Was born in Vermont / He didn't say much at all / V.P. was Charles DawesCalvin Coolidge
43.9%
Teapot Dome Scandal / He published a newspaper / Died in '23Warren G. Harding
41.9%
Signed Pendleton Act / Was referenced in Die Hard 3 / Was Garfield's VPChester A. Arthur
41.6%

You're not logged in!

Compare scores with friends on all Sporcle quizzes.
Join for Free
OR
Log In

You Might Also Like...

Show Comments

Extras

Top Quizzes Today


Score Distribution

Your Account Isn't Verified!

In order to create a playlist on Sporcle, you need to verify the email address you used during registration. Go to your Sporcle Settings to finish the process.

Report this User

Report this user for behavior that violates our Community Guidelines.

Details: